| 000 | 00673nam a22002297i 4500 | ||
|---|---|---|---|
| 003 | URS | ||
| 005 | 20220114153316.0 | ||
| 008 | 171003b xxu||||| |||| 00| 0 eng d | ||
| 020 | _a9789719983071 | ||
| 040 |
_erda _cURSP-College Library _beng |
||
| 050 | _b410 Am 1l 2013 | ||
| 100 | 1 | _aAmbion, Larry Javier | |
| 245 |
_aLearn to Speak Well _cLarry Javier Ambion |
||
| 264 | 1 |
_aManila _bPurely Books Trading and Publishing Corpages _c2013. |
|
| 300 |
_ax, 47pages _c23cm. |
||
| 336 |
_atext _btxt _2rdacontent |
||
| 337 |
_aunmediated _bn _2rdamedia |
||
| 338 |
_avolume _bnc _2rdacarrier |
||
| 500 | _aIncludes references | ||
| 650 | 0 | _alearn-speak-well. | |
| 942 |
_2lcc _cF |
||
| 999 |
_c8410 _d8410 |
||